000
00306nam a22001337a 4500
008
170401b xxu||||| |||| 00| 0 eng d
020
_a
0716707218
041
_a
eng
080
_2
2ND
_a
574
100
_a
9
101
_a
SHM
245
_a
COMPARATIVE MORPHOLOGY OF VASCULAR PLANTS
_c
FOSTER
942
_2
udc
_c
BK
999
_c
9429
_d
9429